| 000 | 00694nam a22002057a 4500 | ||
|---|---|---|---|
| 010 | _aENG-99754 | ||
| 020 |
_c400.00 _a9788189433109 |
||
| 035 | _aEN-83286 | ||
| 037 | _bDBAD / PUB | ||
| 082 | _aS | ||
| 100 |
_aKhatry, Vikash _912329 |
||
| 245 |
_aWorld famous hilarious stories / _cby Vikash Khatry |
||
| 260 |
_aDelhi _bCalibore Publishers _c2010 |
||
| 270 |
_aL-46, IInd Floor, Street No.5 Shivaji Marg, Kartar Nagar _bDelhi _e110053 |
||
| 300 |
_a208p. _c22cm (Hb) |
||
| 600 |
_aBaba Visakha Singh _xBiography. _912330 |
||
| 700 | _910254 | ||
| 942 |
_2ddc _cEN _mKHA _hS |
||
| 999 |
_c41160 _d41160 |
||